Welcome to CU Library Online Public Access Catalogue (OPAC)

BUSINESS ENGLISH AND COMMUNICATION (Record no. 2436)

MARC details
000 -LEADER
fixed length control field 00526nam a22002057a 4500
005 - DATE AND TIME OF LATEST TRANSACTION
control field 20241218120056.0
008 - FIXED-LENGTH DATA ELEMENTS--GENERAL INFORMATION
fixed length control field 241218b |||||||| |||| 00| 0 eng d
020 ## - INTERNATIONAL STANDARD BOOK NUMBER
International Standard Book Number 9780028009902
050 ## - LIBRARY OF CONGRESS CALL NUMBER
Classification number PE115
Item number CLA
100 ## - MAIN ENTRY--PERSONAL NAME
Personal name CLARK, R. LYN
245 ## - TITLE STATEMENT
Title BUSINESS ENGLISH AND COMMUNICATION
250 ## - EDITION STATEMENT
Edition statement 8TH
260 ## - PUBLICATION, DISTRIBUTION, ETC.
Place of publication, distribution, etc. NEW YORK
Name of publisher, distributor, etc. GLENCOE/MCGRAW
Date of publication, distribution, etc. c1994
300 ## - PHYSICAL DESCRIPTION
Extent xix,524p;
Other physical details ill.;
500 ## - GENERAL NOTE
General note includes index
700 ## - ADDED ENTRY--PERSONAL NAME
Personal name CLARK, LYN R.
700 ## - ADDED ENTRY--PERSONAL NAME
Personal name ZIMMER,KENNETH
700 ## - ADDED ENTRY--PERSONAL NAME
Personal name TINERVIA, JOSEPH
942 ## - ADDED ENTRY ELEMENTS (KOHA)
Source of classification or shelving scheme Library of Congress Classification
Koha item type Books
Suppress in OPAC No
999 ## -
-- 2436
-- 2436
Holdings
Withdrawn status Lost status Source of classification or shelving scheme Damaged status Not for loan Collection Home library Current library Shelving location Date acquired Total checkouts Full call number Barcode Date last seen Copy number Price effective from Koha item type
    Library of Congress Classification       Graduate Library (Christ Temple) Graduate Library (Christ Temple) General stacks 03/16/2026   PE 115 CLA gsct00003266 03/16/2026   03/16/2026 Books
    Library of Congress Classification       Graduate Library (Christ Temple) Graduate Library (Christ Temple) General stacks 03/16/2026   PE 115 CLA gsct00003267 03/16/2026   03/16/2026 Books
    Library of Congress Classification       Graduate Library (Christ Temple) Graduate Library (Christ Temple) General stacks 03/16/2026   PE 115 CLA gsct00003268 03/16/2026   03/16/2026 Books
    Library of Congress Classification       Graduate Library (Christ Temple) Graduate Library (Christ Temple) General stacks 03/16/2026   PE 115 CLA gsct00003269 03/16/2026   03/16/2026 Books
    Library of Congress Classification       Graduate Library (Christ Temple) Graduate Library (Christ Temple) General stacks 03/16/2026   PE 115 CLA gsct00003270 03/16/2026   03/16/2026 Books
    Library of Congress Classification       Graduate Library (Christ Temple) Graduate Library (Christ Temple) General stacks 03/16/2026   PE 115 CLA gsct00003271 03/16/2026   03/16/2026 Books
    Library of Congress Classification     Non-fiction Undergraduate Library (Christ Temple) Undergraduate Library (Christ Temple) General stacks 12/18/2024   PE115 CLA ulct00000710 12/18/2024 1 12/18/2024 Books
© 2023-2024 Copyright: Central University Libraries. All Rights Reserved | Created by: Mahone Tech Office